Normal view
MARC view
- Coleman, Katharina Pichler,
Entry Personal Name
001 - CONTROL NUMBER
- control field: 129211
003 - CONTROL NUMBER IDENTIFIER
- control field: NUST
005 - DATE AND TIME OF LATEST TRANSACTION
- control field: 20250625161707.0
008 - FIXED-LENGTH DATA ELEMENTS
- fixed length control field: 250625|| aca||aabn | a|a d
040 ## - CATALOGING SOURCE
- Original cataloging agency: NUST
- Transcribing agency: NUST
100 ## - HEADING--PERSONAL NAME
- Personal name: Coleman, Katharina Pichler,
- Dates associated with a name: 1975-
670 ## - SOURCE DATA FOUND
- Source citation: Work cat.: (NUST)0: Coleman, Katharina Pichler, 1975- author., Token forces :
